Evropská unie jako institucionální kotva České republiky
Pochybnosti o rozširovaní Európskej únie smerom na východ. Pozitívne dôvody pre vstup Českej republiky do Európskej únie. Rozšírenie Európskej únie smerom na východ podľa "Scenára Európa 2010: Päť možných predstáv o európskej budúcnosti". Význam Európskej únie ako inštitucionálnej kotvy pre Českú re...
Gespeichert in:
| 1. Verfasser: | |
|---|---|
| Format: | Buchkapitel |
| Sprache: | Tschechisch |
| Schlagworte: | |
| Tags: |
Keine Tags, Fügen Sie das erste Tag hinzu!
|
MARC
| LEADER | 00000naa a2200000 4500 | ||
|---|---|---|---|
| 001 | r043086 | ||
| 005 | 20231003114921.6 | ||
| 041 | 0 | |a cze | |
| 044 | |a CZ | ||
| 245 | 1 | 0 | |a Evropská unie jako institucionální kotva České republiky |c Eva Klvačová |
| 520 | |a Pochybnosti o rozširovaní Európskej únie smerom na východ. Pozitívne dôvody pre vstup Českej republiky do Európskej únie. Rozšírenie Európskej únie smerom na východ podľa "Scenára Európa 2010: Päť možných predstáv o európskej budúcnosti". Význam Európskej únie ako inštitucionálnej kotvy pre Českú republiku. | ||
| 610 | 2 | 0 | |a Európska únia |
| 610 | 2 | 0 | |a spolupráca hospodárska medzinárodná |
| 610 | 2 | 0 | |a Česko |
| 610 | 2 | 0 | |a konkurencia |
| 610 | 2 | 0 | |a podnikatelia |
| 610 | 2 | 0 | |a SVE |
| 100 | 1 | |a Klvačová, Eva | |